000 00272nam a22001097a 4500
008 170118b xxu||||| |||| 00| 0 eng d
020 _a032303716X
041 _aeng
080 _a618.2
245 _aHEALTH INFORMATION FOR INTERNATIONAL TRAVEL
_cARGUIN, P.M
942 _2udc
_cBK
999 _c3049
_d3049